| Tag |
First Indicator |
Second Indicator |
Subfields |
| LEADER |
00000cam a2200000 a 4500 |
| 001 |
in00001414888 |
| 005 |
20151020061453.0 |
| 008 |
970409s1997 ne a b 101 0 eng |
| 010 |
|
|
|a 97016612
|
| 015 |
|
|
|a GB97-54162
|
| 019 |
|
|
|a 37573536
|
| 020 |
|
|
|a 0792345746
|
| 035 |
|
|
|a (OCoLC)36817179
|
| 035 |
|
|
|9 AHN9407AM
|
| 040 |
|
|
|a DLC
|c DLC
|d UKM
|d TXA
|d UtOrBLW
|
| 049 |
|
|
|a TXAM
|
| 050 |
0 |
0 |
|a QB807
|b .I28 1997
|
| 082 |
0 |
0 |
|a 521
|2 21
|
| 090 |
|
|
|a QB807
|b .I28 1996
|
| 111 |
2 |
|
|a IAU Colloquium
|n (165th :
|d 1996 :
|c Poznań, Poland)
|
| 245 |
1 |
0 |
|a Dynamics and astrometry of natural and artificial celestial bodies :
|b proceedings of IAU Colloquium 165, Poznań, Poland, July 1-5, 1996 /
|c edited by I.M. Wytrzyszczak, J.H. Lieske, R.A. Feldman.
|
| 264 |
|
1 |
|a Dordrecht :
|b Boston :
|b Kluwer Academic Publishers,
|c [1997]
|
| 264 |
|
4 |
|c ©1997
|
| 300 |
|
|
|a xiv, 592 pages :
|b illustrations ;
|c 25 cm.
|
| 336 |
|
|
|a text
|b txt
|2 rdacontent
|
| 337 |
|
|
|a unmediated
|b n
|2 rdamedia
|
| 338 |
|
|
|a volume
|b nc
|2 rdacarrier
|
| 500 |
|
|
|a "Partly reprinted from Celestial mechanics and dynamical astronomy Volume 66, Number 1, 1996/7."
|
| 504 |
|
|
|a Includes bibliographical references and index.
|
| 650 |
|
0 |
|a Astrometry
|v Congresses.
|
| 651 |
|
0 |
|a Sun
|v Congresses.
|
| 650 |
|
0 |
|a Astrodynamics
|v Congresses.
|
| 650 |
|
0 |
|a Artificial satellites
|v Congresses.
|
| 650 |
|
0 |
|a Space debris
|v Congresses.
|
| 700 |
1 |
|
|a Wytrzyszczak, I. M.
|
| 700 |
1 |
|
|a Lieske, Jay H.
|
| 700 |
1 |
|
|a Feldman, Renata.
|
| 730 |
0 |
|
|a Celestial mechanics and dynamical astronomy.
|
| 948 |
|
|
|a c:rd
|
| 999 |
|
|
|a MARS
|
| 999 |
f |
f |
|s 17a8c63a-5c48-3814-a6f1-72c44c017cc8
|i 17265b44-227c-3add-b45c-e7b6ab8bad46
|t 0
|
| 952 |
f |
f |
|p ric
|a Texas A&M University
|b Rellis Campus
|c Joint Library Facility
|d Remote Storage
|t 0
|e QB807 .I28 1996
|h Library of Congress classification
|i unmediated -- volume
|m A14822215628
|
| 998 |
f |
f |
|a QB807 .I28 1996
|t 0
|l Remote Storage
|